banner koha

Niveis de manganes, zinco e cobre nas forrageiras e no figado de bovinos na sub-regiao dos Paiaguas, Pantanal Matogrossense [Brasil] (Registro n. 272050)

MARC details
000 -LÍDER
campo de controle de tamanho fixo 01520nac a22004337a 4500
001 - NÚMERO DE CONTROLE
campo de controle BR8100941
003 - IDENTIFICADOR DO NÚMERO DE CONTROLE
campo de controle BR-BrBNA
005 - DATA E HORÁRIO DA ÚLTIMA TRANSAÇÃO
campo de controle 20240105114923.0
008 - CAMPO DE DADOS FIXOS--INFORMAÇÃO GERAL
campo de controle de tamanho fixo 230509b bl.|||m| |||| 00| 0 por d
040 ## - FONTE DA CATALOGAÇÃO
Instituição da catalogação original BR-BrBNA
Idioma da catalogação por
Instituição que transcreveu o registro Biblioteca Nacional de Agricultura
072 ## - CÓDIGO DE CATEGORIA DE ASSUNTO
Código de Categoria de Assunto L50; L36
090 ## - NÚMERO DE CHAMADA LOCAL
Número de chamada 5212 BR8100941
100 1# - ENTRADA PRINCIPAL--NOME PESSOAL
Nome pessoal Brum, P.A.R. de
100 1# - ENTRADA PRINCIPAL--NOME PESSOAL
Nome pessoal Souza, J.C. de
100 1# - ENTRADA PRINCIPAL--NOME PESSOAL
Nome pessoal Almeida, I.L. de
100 1# - ENTRADA PRINCIPAL--NOME PESSOAL
Nome pessoal Comastri Filho, J.A.
100 1# - ENTRADA PRINCIPAL--NOME PESSOAL
Nome pessoal Pott, E.B.
100 1# - ENTRADA PRINCIPAL--NOME PESSOAL
Nome pessoal Vieira, L.M.
100 1# - ENTRADA PRINCIPAL--NOME PESSOAL
Nome pessoal Costa Junior, E.M.A.
100 1# - ENTRADA PRINCIPAL--NOME PESSOAL
Nome pessoal Tullio, R.R.
110 1# - ENTRADA PRINCIPAL--NOME CORPORATIVO
Nome corporativo ou nome da jurisdição Unidade de Execucao de Pesquisa de Ambito Estadual de Corumba, MS (Brasil)
9 (RLIN) 10360
245 1# - TÍTULO
Título Niveis de manganes, zinco e cobre nas forrageiras e no figado de bovinos na sub-regiao dos Paiaguas, Pantanal Matogrossense [Brasil]
246 1# - FORMA VARIANTE DO TÍTULO
Título/título abreviado [Manganese, zinc and copper levels in forage plants and in bovine liver in the sub-region of Paiaguas, Pantanal Matogrossense [Brazil]]
260 3# - PUBLICAÇÃO, DISTRIBUIÇÃO, ETC.
Local de publicação, distribuição, etc. Corumba, MS (Brasil):
Data da publicação, distribuição, etc. 1980.
300 ## - DESCRIÇÃO FÍSICA
Extensão 6 p.
490 ## - TÍTULO DA SÉRIE
Título da série Comunicado Tecnico - Unidade de Execucao de Pesquisa de Ambito Estadual de Corumba (Brazil)
Número do volume ou designação sequencial da série no. 3
ISSN - International Standard Serial Number ISSN 0100-820X
500 ## - NOTA GERAL
Nota geral 6 ref.
650 ## - ASSUNTO--TERMO TÓPICO
Cabeçalho tópico ou nome geográfico Bioquimica animal
650 ## - ASSUNTO--TERMO TÓPICO
Cabeçalho tópico ou nome geográfico Composicao de alimento
650 ## - ASSUNTO--TERMO TÓPICO
Cabeçalho tópico ou nome geográfico Bovino
650 ## - ASSUNTO--TERMO TÓPICO
Cabeçalho tópico ou nome geográfico Planta forrageira
650 ## - ASSUNTO--TERMO TÓPICO
Cabeçalho tópico ou nome geográfico Manganes
650 ## - ASSUNTO--TERMO TÓPICO
Cabeçalho tópico ou nome geográfico Zinco
650 ## - ASSUNTO--TERMO TÓPICO
Cabeçalho tópico ou nome geográfico Cobre
650 ## - ASSUNTO--TERMO TÓPICO
Cabeçalho tópico ou nome geográfico Figado
650 ## - ASSUNTO--TERMO TÓPICO
Cabeçalho tópico ou nome geográfico Pantanal Matogrossense
909 ## -
-- 202312
-- Lúcia Elande
-- 55
-- Lúcia Elande
942 ## - ELEMENTOS DE ENTRADA ADICIONADOS (KOHA)
Fonte da classificação ou esquema de arquivamento na estante Classificação AGRIS
Ocultar no OPAC Não
Tipo de material Koha Monografia Seriada
Exemplares
Situação do descarte Fonte da classificação ou esquema de arquivamento na estante Situação física Não pode ser emprestado Coleção Biblioteca de origem Biblioteca atual Localização na estante Total de empréstimos Número de telefone completo Código de barras Data de último acesso Tipo de material Koha Fonte de aquisição
  Classificação AGRIS       Biblioteca Nacional de Agricultura - Binagri Biblioteca Nacional de Agricultura - Binagri Agrobase - Acervo Geral   5212 BR8100941 5212 BR8100941 18/12/2023 Monografia Seriada Portaria Interministerial nº 164/94

BINAGRI

Telefone: (61)3218-2567/2388/3357/2097 - binagri@agro.gov.br

Ministério da Agricultura e Pecuária , Esplanada dos Ministérios, Bloco D, Anexo B, Brasília/DF, CEP: 70.043-900